Children's Books by Cushion Quiz Stats

 Plays Quiz Updated Nov 18, 2017

Challenge
Share
Tweet
Score 0/20 Timer 05:00
2 Plays Today
Hint Answer % Correct
How the Grinch stole Christmas!
99.1%
Winnie-the-Pooh
90.9%
Peter Pan
90.6%
Charlotte's Web
88.1%
Curious George
87.8%
The Wonderful Wizard of Oz
87.2%
The Paddington Bear
84.9%
Charlie and the Chocolate Factory
84%
The Chronicles of Narnia
83.9%
The Hobbit
82.9%
Hint Answer % Correct
The Tale of Peter Rabbit
80.5%
Alice's Adventures in Wonderland
79.4%
Harry Potter and the Sorcerer's Stone
77.5%
Story of Babar
71.4%
Where the Wild Things Are
69.6%
The Giving Tree
65.6%
The Little Prince
59.1%
Matilda
55.9%
The Moomins
18.5%
A Series of Unfortunate Events
10%

You're not logged in!

Compare scores with friends on all Sporcle quizzes.
OR
Log In

You Might Also Like...

Show Comments

Extras

Top Quizzes Today


Score Distribution

Your Account Isn't Verified!

In order to create a playlist on Sporcle, you need to verify the email address you used during registration. Go to your Sporcle Settings to finish the process.

Report this User

Report this user for behavior that violates our Community Guidelines.

Details: